000 00540nam a2200193 i 4500
001 42963
003 ES-MaACL
005 20230906160717.0
007 t|
008 030314s1971 sp ||||1| spa d
100 1 _aCencillo, Luis.
_937397
245 1 3 _aEl inconsciente /
_cLuis Cencillo.
260 _a[Madrid :
_bMarova,
_c1971]
300 _a331 p. ;
_c21 cm.
490 1 _aMarova Estudios del hombre ;
_v1
830 0 _aMarova Estudios del hombre ;
_v1
_9229846
852 _aES-MaACL
_jC-39597
_bR.77002
999 _c42963
_d42963